Biblioteca "Ernesto Sabato"
Facultad de Derecho y Ciencias Sociales
Facultad de Lenguas
Universidad Nacional del Comahue

Las relaciones argentino-soviéticas contemporáneas (Record no. 32478)

MARC details
000 -CABECERA
campo de control de longitud fija 00667nam a22002297a 4500
003 - IDENTIFICADOR DEL NÚMERO DE CONTROL
campo de control OSt
005 - FECHA Y HORA DE LA ÚLTIMA TRANSACCIÓN
campo de control 20180627080635.0
008 - DATOS DE LONGITUD FIJA--INFORMACIÓN GENERAL
campo de control de longitud fija 180627b xxu||||| |||| 00| 0 spa d
020 ## - ISBN
Número Internacional Estándar del Libro 950-25-1551-X
040 ## - FUENTE DE LA CATALOGACIÓN
Centro/agencia transcriptor Biblioteca Ernesto Sábato
092 ## - SIGNATURA TOPOGRÁFICA
Número de clasificación 327.82
Libristica P453
Sector BDT
100 ## - Autor Personal
Nombre de persona Perosa, Hugo R
245 ## - MENCIÓN DE TÍTULO
Título Las relaciones argentino-soviéticas contemporáneas
260 ## - PUBLICACIÓN, DISTRIBUCIÓN, ETC. (PIE DE IMPRENTA)
Lugar de publicación, distribución, etc. Buenos Aires
Nombre del editor, distribuidor, etc. Centro Editor de América Latina
Fecha de publicación, distribución, etc. 1989
300 ## - DESCRIPCIÓN FÍSICA
Paginas 2 v
440 ## - MENCIÓN DE SERIE/PUNTO DE ACCESO ADICIONAL--TÍTULO
Título Biblioteca política argentina
Número de parte o sección de la obra 282; 283
650 ## - Descriptores Tematicos
Término de materia o nombre geográfico como elemento inicial RELACIONES ARGENTINA-URSS
650 ## - Descriptores Tematicos
Término de materia o nombre geográfico como elemento inicial UNION CIVICA RADICAL
650 ## - Descriptores Tematicos
Término de materia o nombre geográfico como elemento inicial POLITICA EXTERIOR
650 ## - Descriptores Tematicos
Término de materia o nombre geográfico como elemento inicial /BDT/
942 ## - ELEMENTOS DE PUNTO DE ACCESO ADICIONAL (KOHA)
Fuente del sistema de clasificación o colocación Dewey Decimal Classification
Tipo de ítem Koha BDT
Holdings
Estado de retiro Estado de pérdida Fuente del sistema de clasificación o colocación Estado dañado No para préstamo Código de colección Localización permanente Ubicación/localización actual Ubicación en estantería Fecha de adquisición Número de inventario Total de préstamos Signatura topográfica completa Código de barras Fecha visto por última vez Precio válido a partir de Tipo de ítem Koha
    Dewey Decimal Classification     Biblioteca Demetri Taranda Biblioteca Ernesto Sabato - FADECS - UNCOMA Biblioteca Ernesto Sabato - FADECS - UNCOMA Biblioteca Demetri Taranda 27/06/2018 23238   327.82 P453 23238 27/06/2018 27/06/2018 BDT
    Dewey Decimal Classification     Biblioteca Demetri Taranda Biblioteca Ernesto Sabato - FADECS - UNCOMA Biblioteca Ernesto Sabato - FADECS - UNCOMA Biblioteca Demetri Taranda 27/06/2018 23239   327.82 P453 23239 27/06/2018 27/06/2018 BDT
Facultad de Derecho y Ciencias Sociales | Universidad Nacional del Comahue | Mendoza y Perú General Roca | Río Negro CP (8332) | Patagonia Argentina | Teléfono: 54-0298-4433670 | | Fax: 0298-4432093 | Fax alumnos: 0298-4435700